Statistics for Countries in the Shape of Mr. Bean with a Map

Click here to take the quiz!

General Stats

  • This quiz has been taken 14,164 times
  • The average score is 4 of 6

Answers on the Map

Answers color-coded by a green-red scale on the quiz's map according to % correct below.
Loading ...
 

Answer Stats

Countries% Correct
Italy
99%
Norway
90%
Cuba
85%
Ireland
75%
Kosovo
54%
Pakistan
40%

Score Distribution

Percentile by Number Answered

Percent of People with Each Score

Your Score History

You have not taken this quiz